| 000 | 00372nam a2200145Ia 4500 | ||
|---|---|---|---|
| 008 | 221030s9999 xx 000 0 und d | ||
| 041 | _aEnglish | ||
| 082 |
_a105.23 _bKal |
||
| 100 | _aL. R. Dhanda | ||
| 245 | 0 |
_aKalyani Objective Series Mathematics _cby L. R. Dhanda |
|
| 260 |
_bKalyani Pub _aNew Delhi _c1997 |
||
| 300 | _a711 | ||
| 650 | _aBE Mathematics | ||
| 942 | _cBK | ||
| 999 |
_c7428 _d7428 |
||